000 01195nam a2200325 a 4500
001 000113768
003 CHAP
005 20230301101644.0
008 170918s2017 mx sm |||||||spa d
010 _a110229
011 _a111201
040 _cCHAP
090 _aTesis
100 1 _aTéllez Franco, Emmanuel
_9133410
245 1 0 _aFactibilidad técnico-económico para instalar un módulo de miel, en Santo Domingo de Morelos, Oaxaca /
_h[En línea]
_cpor Emmanuel Téllez Franco.
260 _aChapingo, Méx. :
_bEl autor,
_c2017.
500 _aPara ver el contenido del material haga clic en la liga
502 _aTesis (Ing. Agroindustrial) -- UACH. Departamento de Ingeniería Agroindustrial
590 _aBATCH-UPD
_b05
_c20170918
590 _aE8697GMM
_b05
_c20170918
590 _aE8697GMM
_b05
_c20170918
590 _aE8697GMM
_b05
_c20170918
650 1 4 _aMiel de abeja
_xProducción
_xAspectos socioeconómicos.
_9133411
650 1 4 _aMiel de abeja
_xProducción
_zOaxaca.
_9126478
650 1 4 _aMiel de abejas
_xMercadeo.
_975567
856 _aFinding aid
_uhttp://10.13.5.2/tesis/sist113768.pdf
_zTeclea aquí
901 _aBK
942 _cTESIS
_2ddc
942 _n0
_2ddc
999 _c110229
_d110229